| 000 | 00357 a2200121 4500 | ||
|---|---|---|---|
| 001 | ART_2214 | ||
| 005 | 20260410161723.0 | ||
| 008 | 260409a | ||
| 245 | 1 | 0 | _aInformática |
| 100 | 1 | _aTesoro, José Luis | |
| 700 | 1 | _aSaroka, Raúl Horacio | |
| 773 | 0 |
_tAdministración de empresas _g- Año XVIII, Nº 215/216 (feb./mar. 1988) _wREV2036 |
|
| 999 |
_c17187 _d17187 |
||